| 000 | 00800nam a2200265Ia 4500 | ||
|---|---|---|---|
| 001 | Para_1518 | ||
| 003 | CHAP | ||
| 008 | 220125s1986 xx 000 0 und d | ||
| 010 | _a200252 | ||
| 040 | _cCHAP | ||
| 082 | _aPA 632.95 C68 | ||
| 110 |
_aCommittee on Shategies for the management of Pesticide Resistant Pest Populations _9165128 |
||
| 245 |
_aPesticide resistance : _b strategies and tactics for management / _c by El comité |
||
| 260 |
_aWashington : _b National Academy |
||
| 300 | _a471 p. | ||
| 650 |
_aPesticidas _x congresos _987542 |
||
| 650 |
_aPesticidas _x toxicidad _987571 |
||
| 901 | _aPA 632.95 C68 | ||
| 902 | _aA | ||
| 905 | _a0000001986 i 0000000000 00 | ||
| 910 | _a1986 | ||
| 942 | _cPARA | ||
| 942 |
_cPARA _d1 |
||
| 999 |
_c200252 _d200252 |
||